[Event "Beijing Sportaccord blitz"]
[Site "Beijing"]
[Date "2014.12.14"]
[Round "19"]
[White "Dominguez Perez, Leinier"]
[Black "Grischuk, Alexander"]
[Result "1/2-1/2"]
[WhiteElo "2726"]
[BlackElo "2810"]
[PlyCount "96"]
[EventDate "2014.12.13"]
[EventType "tourn (blitz)"]
[EventRounds "30"]
[EventCountry "CHN"]
[EventCategory "20"]
[SourceTitle "CBM 163 Extra"]
[Source "ChessBase"]
[SourceDate "2014.12.23"]
[SourceVersion "1"]
[SourceVersionDate "2014.12.23"]
[SourceQuality "1"]

1. e4 c5 2. Nf3 Nc6 3. d4 cxd4 4. Nxd4 Nf6 5. Nc3 e5 6. Ndb5 d6 7. Bg5 a6 8.
Na3 b5 9. Nd5 Be7 10. Bxf6 Bxf6 11. c3 Rb8 12. Nc2 Bg5 13. a4 bxa4 14. Nce3
Bxe3 15. Nxe3 O-O 16. Qxa4 Ne7 17. O-O-O Qc7 18. Qa3 Rd8 19. Bc4 Bb7 20. f3 a5
21. Rd3 Bc6 22. Rhd1 Nc8 23. Ba2 g6 24. h4 Kg7 25. h5 Na7 26. Bc4 Bb5 27. Qa2
Bxc4 28. Qxc4 Qb7 29. R1d2 a4 30. Qd5 Qc7 31. Qc4 Qb7 32. Qd5 Qc8 33. h6+ Kg8
34. Qa2 Nb5 35. Nd5 Qc5 36. Nf6+ Kf8 37. Nxh7+ Ke7 38. Ng5 d5 39. Rxd5 Qg1+ 40.
Kc2 Rxd5 41. exd5 Nd4+ 42. cxd4 Rc8+ 43. Kd3 Qf1+ 44. Ke3 Qg1+ 45. Kd3 Qf1+ 46.
Ke3 Qg1+ 47. Kd3 Qf1+ 48. Ke3 Qg1+ 1/2-1/2

[Event "Beijing Sportaccord blitz"]
[Site "Beijing"]
[Date "2014.12.13"]
[Round "22"]
[White "Grischuk, Alexander"]
[Black "Wang, Hao"]
[Result "1/2-1/2"]
[WhiteElo "2810"]
[BlackElo "2710"]
[PlyCount "119"]
[EventDate "2014.12.13"]
[EventType "tourn (blitz)"]
[EventRounds "30"]
[EventCountry "CHN"]
[EventCategory "20"]
[SourceTitle "CBM 163 Extra"]
[Source "ChessBase"]
[SourceDate "2014.12.23"]
[SourceVersion "1"]
[SourceVersionDate "2014.12.23"]
[SourceQuality "1"]

1. d4 d5 2. Bf4 Nf6 3. e3 c6 4. c4 Bf5 5. Nc3 e6 6. Qb3 Qc8 7. Nf3 Nbd7 8. h3
Be7 9. Be2 O-O 10. O-O Nb6 11. c5 Nbd7 12. Qd1 Ne4 13. Rc1 Re8 14. Nxe4 Bxe4
15. Nd2 Bg6 16. Bh2 a5 17. Nb1 Bd8 18. Nc3 e5 19. Re1 Bc7 20. a3 Qb8 21. Kh1
Re7 22. b4 axb4 23. axb4 exd4 24. Bxc7 Qxc7 25. Qxd4 Nf6 26. Ra1 Rae8 27. Bf3
Be4 28. Be2 Qc8 29. Kg1 Qf5 30. f3 Bc2 31. Bf1 Qg5 32. Kf2 Bg6 33. b5 h5 34. h4
Qf5 35. Kg1 Nd7 36. e4 dxe4 37. Nxe4 Qf4 38. Qd6 Qe5 39. bxc6 bxc6 40. Qxe5
Rxe5 41. Red1 Nxc5 42. Nxc5 Rxc5 43. Rac1 Rxc1 44. Rxc1 Rc8 45. Rc5 f6 46. Bc4+
Kf8 47. Bd5 Be8 48. Be4 Ke7 49. Kf2 Kd6 50. Ra5 c5 51. Ke3 Rb8 52. Ra6+ Ke7 53.
Ra7+ Kf8 54. Rc7 Rb2 55. g3 Rb3+ 56. Kf4 Rc3 57. Rc8 Ke7 58. Rc7+ Kf8 59. Rc8
Ke7 60. Rc7+ 1/2-1/2

[Event "Beijing Sportaccord blitz"]
[Site "Beijing"]
[Date "2014.12.13"]
[Round "23"]
[White "Ponomariov, Ruslan"]
[Black "Grischuk, Alexander"]
[Result "0-1"]
[WhiteElo "2714"]
[BlackElo "2810"]
[PlyCount "82"]
[EventDate "2014.12.13"]
[EventType "tourn (blitz)"]
[EventRounds "30"]
[EventCountry "CHN"]
[EventCategory "20"]
[SourceTitle "CBM 163 Extra"]
[Source "ChessBase"]
[SourceDate "2014.12.23"]
[SourceVersion "1"]
[SourceVersionDate "2014.12.23"]
[SourceQuality "1"]

1. d4 Nf6 2. c4 g6 3. f3 c5 4. d5 d6 5. e4 Bg7 6. Nc3 O-O 7. Bg5 e6 8. Qd2 h6
9. Bxh6 Nxe4 10. Nxe4 Qh4+ 11. g3 Qxh6 12. Qxh6 Bxh6 13. Nxd6 Na6 14. Nxc8
Raxc8 15. dxe6 Rfe8 16. f4 Rxe6+ 17. Kf2 Bg7 18. Nf3 Bxb2 19. Rb1 Bd4+ 20. Nxd4
cxd4 21. Rxb7 Nc5 22. Rxa7 Rb8 23. Rc7 Rb2+ 24. Kg1 Na4 25. Rd7 Rd2 26. h4 Re1
27. Rh2 Rxf1+ 28. Kxf1 Rxh2 29. Rxd4 Rxa2 30. Rd8+ Kg7 31. Ra8 Nc3 32. Rxa2
Nxa2 33. Ke2 f5 34. Kd3 Nb4+ 35. Kd4 Kh6 36. c5 Kh5 37. Kc4 Na6 38. c6 Kg4 39.
Kb5 Nc7+ 40. Kc5 Kxg3 41. Kd6 Na6 0-1

[Event "Beijing Sportaccord blitz"]
[Site "Beijing"]
[Date "2014.12.13"]
[Round "24"]
[White "Grischuk, Alexander"]
[Black "Ivanchuk, Vassily"]
[Result "1-0"]
[WhiteElo "2810"]
[BlackElo "2704"]
[PlyCount "133"]
[EventDate "2014.12.13"]
[EventType "tourn (blitz)"]
[EventRounds "30"]
[EventCountry "CHN"]
[EventCategory "20"]
[SourceTitle "CBM 163 Extra"]
[Source "ChessBase"]
[SourceDate "2014.12.23"]
[SourceVersion "1"]
[SourceVersionDate "2014.12.23"]
[SourceQuality "1"]

1. d4 d5 2. Bf4 c6 3. e3 Bf5 4. Nf3 e6 5. Be2 Bd6 6. Bxd6 Qxd6 7. O-O Nd7 8. c4
Ngf6 9. Nc3 O-O 10. Nh4 Be4 11. Rc1 Rfd8 12. a3 h6 13. b4 Bh7 14. Nf3 dxc4 15.
Bxc4 a5 16. Qb3 axb4 17. axb4 Ne4 18. Nxe4 Bxe4 19. Nd2 Bd5 20. b5 Nb6 21. Qb2
Ra4 22. Bxd5 cxd5 23. Qc2 Rc8 24. Qd3 Qa3 25. Qxa3 Rxa3 26. Rxc8+ Nxc8 27. h3
Nd6 28. b6 Rd3 29. Nf3 Rb3 30. Rc1 Nc4 31. Ne5 Rxb6 32. Nxc4 Rc6 33. Rb1 dxc4
34. Rxb7 c3 35. Rb1 Ra6 36. Rc1 Ra3 37. Kf1 f5 38. Rc2 Kf7 39. Ke2 Kf6 40. Kd3
e5 41. dxe5+ Kxe5 42. Rxc3 Ra2 43. Rc5+ Ke6 44. Rc2 Ra3+ 45. Ke2 Kf6 46. Rc6+
Kf7 47. Kf3 Ra4 48. g4 fxg4+ 49. hxg4 Rb4 50. Kg3 Ra4 51. f4 Rb4 52. Kf3 Rb3
53. f5 Ra3 54. Kf4 Ra1 55. Rc7+ Kf6 56. Rc6+ Kf7 57. e4 Rf1+ 58. Ke5 Rg1 59.
Rc7+ Kg8 60. Kd6 Rxg4 61. e5 Rd4+ 62. Ke7 h5 63. e6 h4 64. Rc8+ Kh7 65. Kf7 h3
66. e7 Rd7 67. Rc3 1-0

[Event "Beijing Sportaccord blitz"]
[Site "Beijing"]
[Date "2014.12.13"]
[Round "25"]
[White "Nepomniachtchi, Ian"]
[Black "Grischuk, Alexander"]
[Result "1-0"]
[WhiteElo "2714"]
[BlackElo "2810"]
[PlyCount "47"]
[EventDate "2014.12.13"]
[EventType "tourn (blitz)"]
[EventRounds "30"]
[EventCountry "CHN"]
[EventCategory "20"]
[SourceTitle "CBM 163 Extra"]
[Source "ChessBase"]
[SourceDate "2014.12.23"]
[SourceVersion "1"]
[SourceVersionDate "2014.12.23"]
[SourceQuality "1"]

1. e4 c5 2. Nc3 Nc6 3. Nf3 g6 4. Bb5 Bg7 5. Bxc6 bxc6 6. O-O e5 7. d3 Ne7 8.
Be3 d6 9. Qd2 h6 10. a3 a5 11. Ne2 Rb8 12. Rfb1 f5 13. exf5 Nxf5 14. b4 axb4
15. axb4 Rxb4 16. Rxb4 cxb4 17. Qxb4 Nxe3 18. fxe3 Be6 19. Ra6 c5 20. Qa4+ Bd7
21. Qa2 Qc7 22. Nc3 Bc6 23. Ra7 Bb7 24. Nb5 1-0

[Event "Beijing Sportaccord blitz"]
[Site "Beijing"]
[Date "2014.12.13"]
[Round "28"]
[White "Grischuk, Alexander"]
[Black "Vachier Lagrave, Maxime"]
[Result "1/2-1/2"]
[WhiteElo "2810"]
[BlackElo "2758"]
[PlyCount "159"]
[EventDate "2014.12.13"]
[EventType "tourn (blitz)"]
[EventRounds "30"]
[EventCountry "CHN"]
[EventCategory "20"]
[SourceTitle "CBM 163 Extra"]
[Source "ChessBase"]
[SourceDate "2014.12.23"]
[SourceVersion "1"]
[SourceVersionDate "2014.12.23"]
[SourceQuality "1"]

1. d4 Nf6 2. Bf4 d6 3. Nc3 Nbd7 4. Nf3 c5 5. d5 g6 6. e4 Bg7 7. Be2 O-O 8. O-O
Qa5 9. Nd2 a6 10. Nc4 Qc7 11. a4 b6 12. Re1 Bb7 13. Qd2 Rad8 14. Rad1 Ne5 15.
Bh6 e6 16. Bxg7 Kxg7 17. f4 Nxc4 18. Bxc4 exd5 19. Bxd5 Bxd5 20. Nxd5 Nxd5 21.
Qxd5 Rfe8 22. h3 b5 23. axb5 axb5 24. c3 Re6 25. Re3 Rde8 26. Rde1 Qe7 27. Kh2
Qf6 28. g3 b4 29. R1e2 bxc3 30. bxc3 h5 31. h4 Qe7 32. Kg2 Rb8 33. e5 Re8 34.
Kf2 Rd8 35. exd6 Rdxd6 36. Qxc5 Rxe3 37. Qxe3 Re6 38. Qd4+ Kh7 39. Rxe6 Qxe6
40. c4 Qh3 41. Qd3 Qh2+ 42. Ke1 Qg2 43. Kd1 Kg7 44. Qc3+ Kf8 45. c5 Ke7 46.
Qe5+ Kd7 47. Qd6+ Ke8 48. c6 Qf3+ 49. Kc2 Qf2+ 50. Qd2 Qc5+ 51. Qc3 Qf2+ 52.
Kb3 Qb6+ 53. Ka3 Qa6+ 54. Kb2 Qb6+ 55. Kc1 Qg1+ 56. Kc2 Qf2+ 57. Kb1 Qb6+ 58.
Kc1 Qg1+ 59. Kb2 Qb6+ 60. Kc2 Qf2+ 61. Kd1 Kd8 62. Qd3+ Kc7 63. Qd7+ Kb6 64.
Qb7+ Ka5 65. c7 Qf1+ 66. Kd2 Qf2+ 67. Kd3 Qxg3+ 68. Kd4 Qxf4+ 69. Kd3 Qg3+ 70.
Kc2 Qf2+ 71. Kb3 Qg3+ 72. Ka2 Qh2+ 73. Ka3 Qg3+ 74. Ka2 Qh2+ 75. Kb1 Qg1+ 76.
Kc2 Qh2+ 77. Kd3 Qg3+ 78. Kd2 Qf2+ 79. Kc3 Qg3+ 80. Kc2 1/2-1/2

[Event "Beijing Sportaccord blitz"]
[Site "Beijing"]
[Date "2014.12.13"]
[Round "29"]
[White "Wojtaszek, Radoslaw"]
[Black "Grischuk, Alexander"]
[Result "1/2-1/2"]
[WhiteElo "2744"]
[BlackElo "2810"]
[PlyCount "55"]
[EventDate "2014.12.13"]
[EventType "tourn (blitz)"]
[EventRounds "30"]
[EventCountry "CHN"]
[EventCategory "20"]
[SourceTitle "CBM 163 Extra"]
[Source "ChessBase"]
[SourceDate "2014.12.23"]
[SourceVersion "1"]
[SourceVersionDate "2014.12.23"]
[SourceQuality "1"]

1. Nf3 d5 2. d4 Bf5 3. c4 e6 4. Nc3 Nf6 5. Qb3 Nc6 6. cxd5 exd5 7. Bg5 Na5 8.
Qa4+ c6 9. Bxf6 gxf6 10. e3 Qb6 11. O-O-O O-O-O 12. Bd3 Bg6 13. Qc2 Nc4 14. b3
Na3 15. Qb2 Kb8 16. Ne1 Rc8 17. Bxg6 hxg6 18. Nd3 Nb5 19. Nxb5 Qxb5 20. Kb1 Bd6
21. h3 f5 22. Qc2 a6 23. g3 Ka8 24. h4 Qa5 25. Qd2 Qb5 26. Qc2 Qa5 27. Qd2 Qb5
28. Qc2 1/2-1/2

[Event "Tbilisi FIDE GP"]
[Site "Tbilisi"]
[Date "2015.02.17"]
[Round "3"]
[White "Tomashevsky, Evgeny"]
[Black "Grischuk, Alexander"]
[Result "1-0"]
[WhiteElo "2716"]
[BlackElo "2810"]
[Annotator "Szabo,Kr"]
[PlyCount "73"]
[EventDate "2015.02.15"]
[EventType "tourn"]
[EventRounds "11"]
[EventCountry "GEO"]
[EventCategory "20"]
[SourceTitle "CBM 165"]
[Source "ChessBase"]
[SourceDate "2015.03.11"]
[SourceVersion "1"]
[SourceVersionDate "2015.03.11"]
[SourceQuality "1"]

1. d4 Nf6 2. c4 g6 3. Nc3 Bg7 4. e4 d6 5. Nf3 O-O 6. h3 e5 7. d5 a5 {The most
popular move. It slows White down on the queenside, usually he plays ...Na6
too. On the other hand the weakening of the b5-square can backfire sometimes.}
(7... Na6) ({and} 7... Nh5 {are the other main lines.}) 8. g4 {At first sight
this is a strange move, because White weakens his kingside. On the other hand
White avoids Black's typical plan with ...Nh5.} (8. Bg5) ({and} 8. Be3 {
are more common lines.}) 8... Na6 9. Be3 Nd7 {Black controls the c5-square,
moreover sometimes he can play ...f5 too.} 10. a3 c6 $5 $146 {A very ambitious
reaction by Grischuk. He sacrifices a pawn, because he would like to open the
position.} ({Recently Tomashevsky had a game with} 10... Nb6 11. Rg1 Bd7 12.
Nd2 a4 13. g5 f5 14. h4 {(Tomashevsky-Nakamura, Dubai rapid 2014)} Nxd5 $1 15.
exd5 f4 $132 {with a double-edged fight.}) (10... Nac5 11. Rg1 a4 12. Nd2 c6
13. Qf3 b6 14. O-O-O Ba6 15. h4 cxd5 16. Nxd5 {(Rodshtein-Nakamura, Bilbao
2014) and now} h6 $1 $13 {with a complicated middlegame.}) 11. Rg1 {This is a
typical move in these types of middlegame. White ignores the break in the
centre and focuses on making f5 undesirable.} ({In the event of the pawn being
captured with} 11. dxc6 Ndc5 $1 {This is the point! It seems to give Black
plenty of compensation.} 12. b4 (12. cxb7 Bxb7 {and Black has huge
compensation with his active pieces.}) 12... Ne6 13. cxb7 Bxb7 14. Nd5 Qe8 $44
{and here also Black has compensation for the pawn.}) 11... Rb8 {A deep move.
Black can't play ...b5 immediately, but later the R can be really useful from
b8.} 12. Nd2 Ndc5 13. Rb1 {White prepares for b4, he wants to chase away
Black's c5-knight.} Nd7 {Grischuk simply comes back with his N, so now White
can't play b4 easily.} 14. Qf3 ({The consistent} 14. b4 {could have been met by
} axb4 15. axb4 c5 $1 {This was the point of Black's 13th move. He frees the
c5-square for his knight.} 16. bxc5 (16. b5 Nb4 {and the N is very active on b4
}) 16... Ndxc5 {and Black looks nicely placed.}) 14... Ndc5 {Suddenly Black
goes back to c5 with his N, he isn't afraid of b4.} 15. Qd1 {Tomashevsky also
returns with his Q to the starting square.} ({If White picks up the gauntlet} 
15. b4 $5 axb4 16. axb4 Nd7 17. Be2 c5 18. bxc5 Naxc5 19. Kf1 {and the
computer considers the position as favourable for White, but in my view, in a
practical game it is completely double-edged.}) 15... Ra8 {Black doesn't
repeat moves with 15...Nd7.} 16. Rg3 (16. b4 Nd7 {is similar to the previous
comment.}) 16... Kh8 {Black avoids the X-ray on the g-file, and he is ready to
play ...f5.} 17. b4 axb4 18. axb4 Nd7 19. Ra1 $1 {A good move! White pins the
a6-knight.} Rb8 $6 {An inaccuracy, which allows the following tactical blow!} (
19... c5 {was more solid,} 20. b5 Nc7 21. Rxa8 Nxa8 {and however White has
some space advantage, Black is safe, he can try to hold himself.}) 20. Rxa6 $1
{A very powerful exchange sacrifice!} bxa6 ({If} 20... cxd5 $6 21. Rxd6 d4 22.
c5 $1 dxc3 23. Nb1 $18 {and White has a brilliant position.}) 21. dxc6 Nb6 22.
Qa1 ({The immediate} 22. b5 $1 {was a bit more natural, simply to secure c6 as
soon as possible.}) 22... Qc7 23. c5 $5 {White further complicates the
situation.} (23. b5 {was the alternative} axb5 24. cxb5 Ra8 25. Qc1 Be6 26. Be2
$14 {is also favourable for White.}) 23... dxc5 24. bxc5 Na8 25. Qa4 {White
has great chances ot keeping the bind with his cP. He plans to transfer his B
to d5 to secure his c6P.} Qa7 (25... Be6 {was more natural, but after} 26. Nd5
(26. Nc4 Rfd8 27. Nd6 Bf8 28. Bxa6 Bxd6 29. cxd6 Qxd6 30. Bb7 Nc7 $132 {
with some counterplay.}) 26... Qd8 27. Nb6 $36 {White's chances are also
better.}) 26. Nc4 (26. Nd5 $5 {was also strong} Nc7 (26... Be6 $2 {is losing,
as} 27. c7 $1 Nxc7 28. c6 $18) 27. Qa5 $1 {and for example} f5 28. gxf5 gxf5
29. Nxc7 f4 30. Bxf4 exf4 31. Rxg7 $1 Kxg7 32. Qc3+ Kg6 33. Qe5 $18 {with a
decisive attack.}) 26... Be6 27. Bd3 ({Probably} 27. Nb6 $1 {was the best
reaction} Nxb6 28. cxb6 Rxb6 29. Bc4 $1 Qc7 30. Bxb6 Qxb6 31. Bxe6 fxe6 32. Nd1
$1 $16 {and White's K can still be subject to attack; objectively he should be
better.}) 27... Rfd8 28. Ke2 $2 {A mistaken reply!} (28. Nd6 $1 {was important
to close the d-file} Rb3 29. Qa5 Rdb8 30. Bc4 Bxc4 31. Nxc4 $16 {and White's
position is promising.}) 28... Nc7 $2 {The decisive mistake! Black returns the
loan.} (28... Rd4 $1 {was the strongest reply to give back the exchange,
because White can't protect his important c5-P.} 29. Bxd4 exd4 30. Nd5 Qxc5 $15
{and White's K has become uncomfortable.}) 29. Nb6 Bf6 30. Bc4 Bxc4+ 31. Qxc4
Ne6 32. Ncd5 $18 {Now White is protecting everything and his pieces are
strangling Black.} Bg7 33. Rf3 Re8 34. c7 Rb7 35. c8=Q Rxc8 36. Nxc8 Rb2+ 37.
Kf1 {What a great struggle! A great victory by Tomashevsky!} 1-0

[Event "Tbilisi FIDE GP"]
[Site "Tbilisi"]
[Date "2015.02.26"]
[Round "10"]
[White "Svidler, Peter"]
[Black "Grischuk, Alexander"]
[Result "1/2-1/2"]
[WhiteElo "2739"]
[BlackElo "2810"]
[Annotator "CB"]
[PlyCount "44"]
[EventDate "2015.02.15"]
[EventType "tourn"]
[EventRounds "11"]
[EventCountry "GEO"]
[EventCategory "20"]
[SourceTitle "CBM 165"]
[Source "ChessBase"]
[SourceDate "2015.03.11"]
[SourceVersion "1"]
[SourceVersionDate "2015.03.11"]
[SourceQuality "1"]

1. d4 Nf6 2. c4 g6 3. Nc3 d5 4. cxd5 Nxd5 5. e4 Nxc3 6. bxc3 Bg7 7. Nf3 c5 8.
h3 O-O 9. Be2 cxd4 10. cxd4 Nc6 11. Be3 f5 12. Bc4+ Kh8 13. O-O fxe4 (13... f4
14. Bd2 Nxd4 15. Bc3 {Ivanchuk-Navara, 2014.}) 14. Ng5 e5 15. dxe5 Nxe5 16. Bd5
h6 17. Nxe4 Bxh3 $1 18. gxh3 (18. Rb1 Qh4 19. Rxb7 Rad8 $1 20. Rxg7 $1 Kxg7 21.
Qd4 {with very unclear play still.}) 18... Nf3+ 19. Kg2 (19. Kh1 Qd7 20. Kg2
Rad8 21. Bb3 Qc7 $1 {Theatens mate on h2 and the queen on d1!}) 19... Nh4+ 20.
Kg1 (20. Kh1 Qd7 21. Qg4 Qxd5 22. Rad1 (22. Qxh4 Rae8 23. f3 Rxf3 $1 24. Rxf3
Rxe4 25. Qe1 Rf4 26. Bxf4 Qxf3+ 27. Kg1 Bd4+ 28. Be3 Bxe3+ 29. Kh2 $11) 22...
Qh5 23. Qxh5 gxh5 $11) 20... Nf3+ 21. Kg2 Nh4+ 22. Kg1 Nf3+ 1/2-1/2

[Event "WchT 10th"]
[Site "Tsaghkadzor"]
[Date "2015.04.27"]
[Round "8.1"]
[White "Amin, Bassem"]
[Black "Grischuk, Alexander"]
[Result "1/2-1/2"]
[WhiteElo "2634"]
[BlackElo "2794"]
[PlyCount "166"]
[EventDate "2015.04.19"]
[EventType "team-tourn"]
[EventRounds "9"]
[EventCountry "ARM"]
[SourceTitle "CBM 166"]
[Source "ChessBase"]
[SourceDate "2015.05.11"]
[SourceVersion "1"]
[SourceVersionDate "2015.05.11"]
[SourceQuality "1"]
[WhiteTeam "Egypt"]
[BlackTeam "Russia"]
[WhiteTeamCountry "EGY"]
[BlackTeamCountry "RUS"]
[TimeControl "40/5400+30:1800+30"]

1. Nf3 c5 2. g3 g6 3. Bg2 Bg7 4. O-O Nc6 5. d3 d6 6. a3 e5 7. c4 Nge7 8. Nc3
O-O 9. Rb1 a5 10. Bd2 h6 11. Ne1 Be6 12. Nd5 a4 13. Nc3 Qa5 14. Nb5 Qd8 15. Nc3
Qa5 16. Nc2 Rfb8 17. Ne3 Nd4 18. Ncd5 Qd8 19. Nxe7+ Qxe7 20. Nd5 Qd8 21. e3 Nb3
22. Bc3 b5 23. cxb5 Rxb5 24. f4 Rc8 25. g4 exf4 26. Rxf4 Be5 27. Rxa4 Qg5 28.
Bxe5 dxe5 29. Qe2 Qd8 30. Nc3 Rb6 31. Rd1 Rd6 32. Re4 c4 33. d4 exd4 34. exd4
Nxd4 35. Qe3 Nb5 36. Rxd6 Nxd6 37. Rxe6 fxe6 38. Qxe6+ Kf8 39. Qxg6 Nf7 40. Bd5
Rc7 41. Qb6 Qd6 42. Qxd6+ Nxd6 43. Kf2 Rc8 44. Ke3 Rb8 45. a4 Rxb2 46. Kd4 Ke7
47. a5 Nb5+ 48. Kxc4 Nxc3 49. Kxc3 Rb5 50. Kd4 Rxa5 51. Ke5 Ra3 52. h4 Rh3 53.
h5 Ra3 54. Be4 Ra5+ 55. Kf4 Kf6 56. Bf5 Ra4+ 57. Ke3 Ke5 58. Kd3 Rd4+ 59. Ke3
Rd8 60. Kf3 Ra8 61. Ke3 Ra3+ 62. Kd2 Kd4 63. Ke2 Rb3 64. Bg6 Re3+ 65. Kf2 Ra3
66. Bf5 Ke5 67. Ke2 Kf4 68. Kd2 Ra8 69. Kd3 Rd8+ 70. Kc4 Ke5 71. Kc3 Rd4 72.
Kb3 Kf4 73. Kc2 Kf3 74. Kb3 Ke2 75. Kc2 Rc4+ 76. Kb3 Rc1 77. Kb2 Rc5 78. Kb3
Ke3 79. Kb4 Kd4 80. Bg6 Rc7 81. Kb3 Rc6 82. Bf5 Rc4 83. Bg6 Rc5 1/2-1/2

[Event "WchT 10th"]
[Site "Tsaghkadzor"]
[Date "2015.04.28"]
[Round "9.1"]
[White "Grischuk, Alexander"]
[Black "Gelfand, Boris"]
[Result "1/2-1/2"]
[WhiteElo "2794"]
[BlackElo "2747"]
[PlyCount "32"]
[EventDate "2015.04.19"]
[EventType "team-tourn"]
[EventRounds "9"]
[EventCountry "ARM"]
[SourceTitle "CBM 166"]
[Source "ChessBase"]
[SourceDate "2015.05.11"]
[SourceVersion "1"]
[SourceVersionDate "2015.05.11"]
[SourceQuality "1"]
[WhiteTeam "Russia"]
[BlackTeam "Israel"]
[WhiteTeamCountry "RUS"]
[BlackTeamCountry "ISR"]
[TimeControl "40/5400+30:1800+30"]

1. Nf3 c5 2. c4 Nc6 3. d4 cxd4 4. Nxd4 Nf6 5. Nc3 e6 6. g3 Qb6 7. e3 d5 8. cxd5
Nxd5 9. Na4 Bb4+ 10. Bd2 Qa5 11. Nxc6 bxc6 12. b3 Nb6 13. Nb2 Bb7 14. a3 Bxd2+
15. Qxd2 Qd5 16. Qxd5 cxd5 1/2-1/2

[Event "Khanty-Mansiysk FIDE GP"]
[Site "Khanty-Mansiysk"]
[Date "2015.05.14"]
[Round "1"]
[White "Grischuk, Alexander"]
[Black "Svidler, Peter"]
[Result "1/2-1/2"]
[WhiteElo "2780"]
[BlackElo "2734"]
[PlyCount "61"]
[EventDate "2015.05.14"]
[EventType "tourn"]
[EventRounds "11"]
[EventCountry "RUS"]
[EventCategory "21"]
[SourceTitle "CBM 167"]
[Source "ChessBase"]
[SourceDate "2015.07.13"]
[SourceVersion "1"]
[SourceVersionDate "2015.07.13"]
[SourceQuality "1"]
[TimeControl "40/7200+30:1000/900+30:0"]
[WhiteClock "1:20:57"]
[BlackClock "1:19:30"]

1. d4 {[%emt 0:00:43]} d5 {[%emt 0:00:55]} 2. c4 {[%emt 0:01:13]} dxc4 {
[%emt 0:00:42] Someone call the press! Svidler did not play the Grunfeld! That,
however, was the only highlight of a game that was dead drawn by move 18.} 3.
Nf3 {[%emt 0:04:08]} a6 {[%emt 0:02:51]} 4. e3 {[%emt 0:01:57]} b5 {[%emt 0:01:
08]} 5. a4 {[%emt 0:00:39]} Bb7 {[%emt 0:00:37]} 6. b3 {[%emt 0:00:39]} e6 {
[%emt 0:03:39]} 7. bxc4 {[%emt 0:01:21]} bxc4 {[%emt 0:01:09]} 8. Bxc4 {
[%emt 0:00:43]} Nf6 {[%emt 0:01:42]} 9. O-O {[%emt 0:03:18]} Nbd7 {[%emt 0:05:
57]} 10. Nbd2 {[%emt 0:04:55]} Be7 {[%emt 0:04:26]} 11. Rb1 {[%emt 0:02:32]}
Rb8 {[%emt 0:00:58]} 12. Qe2 {[%emt 0:04:54]} O-O {[%emt 0:04:47]} 13. Bxa6 {
[%emt 0:04:59]} (13. Bb2 c5 14. Bxa6 Bxa6 15. Qxa6 Ra8 16. Qc4 Nb6 17. Qc2 Nxa4
18. Ba1 cxd4 19. Bxd4 Qc8 20. Nc4 Nd5 21. Rfc1 Nac3 22. Bxc3 Qxc4 23. Bd4 Qxc2
24. Rxc2 Rfc8 25. Rxc8+ Rxc8 26. g3 f6 27. e4 Nb4 28. Be3 Kf7 29. Rc1 Rxc1+ 30.
Bxc1 Nc6 {1/2-1/2 (30) Cheparinov,I (2681)-Svidler,P (2751) Tromso 2014}) 13...
Bxa6 {[%emt 0:01:00]} 14. Qxa6 {[%emt 0:00:42]} Rxb1 {[%emt 0:07:20]} 15. Nxb1
{[%emt 0:00:47]} Qa8 {[%emt 0:00:33]} 16. Qxa8 {[%emt 0:08:04]} Rxa8 {[%emt 0:
00:40]} 17. Ba3 {[%emt 0:00:39]} Bxa3 {[%emt 0:03:17]} 18. Nxa3 {[%emt 0:01:18]
} Rxa4 {[%emt 0:00:33]} 19. Nb1 $146 {[%emt 0:03:22]} (19. Ra1 c5 20. dxc5 Nxc5
21. Nc2 Rxa1+ 22. Nxa1 Kf8 23. Nc2 Kg8 24. Kf1 Kf8 25. Kg1 Kg8 26. Kf1 Kf8 27.
Kg1 Kg8 28. Kf1 Kf8 {1/2-1/2 (28) Jianu,V (2565)-Stevic,H (2611) Warsaw 2013})
19... c5 {[%emt 0:05:12]} 20. dxc5 {[%emt 0:00:37]} Nxc5 {[%emt 0:00:33]} 21.
Nc3 {[%emt 0:00:47]} Ra3 {[%emt 0:01:33]} 22. Nb1 {[%emt 0:01:05]} Ra1 {
[%emt 0:00:42]} 23. Nbd2 {[%emt 0:00:38]} Rxf1+ {[%emt 0:00:36]} 24. Kxf1 {
[%emt 0:00:33]} Kf8 {[%emt 0:00:37]} 25. Ne5 {[%emt 0:00:36]} Nfd7 {[%emt 0:00:
38]} 26. Nxd7+ {[%emt 0:00:35]} Nxd7 {[%emt 0:00:36]} 27. Ke2 {[%emt 0:00:33]}
Ke7 {[%emt 0:00:35]} 28. Ne4 {[%emt 0:00:33]} h6 {[%emt 0:00:46]} 29. h3 {
[%emt 0:00:35]} Nf6 {[%emt 0:00:54]} 30. Nd2 {[%emt 0:00:36]} Nd7 {[%emt 0:00:
34]} 31. Ne4 {[%emt 0:00:32]} 1/2-1/2